| 000 | 00838nam a2200265Ia 4500 | ||
|---|---|---|---|
| 003 | OSt | ||
| 005 | 20221005042016.0 | ||
| 006 | a|||||r|||| 00| 0 | ||
| 007 | ta | ||
| 008 | 221004b |||||||| |||| 00| 0 eng d | ||
| 020 |
_a8170305977 _c750 |
||
| 024 | _a83246 | ||
| 037 |
_b581, 30/03/2005, Eastern Book Linkers _cTextual |
||
| 040 |
_aCRL _cCRL _beng |
||
| 041 |
_2eng _aeng |
||
| 082 | _aQ420w3, N7 | ||
| 100 |
_aMakransky John J. _9142293 |
||
| 245 | 0 |
_aBuddhahood embodied _b Sources of controversy in India and Tibet |
|
| 260 |
_aDelhi _bSri Satguru Publications India _c1997 |
||
| 300 |
_a494p. _ccm. |
||
| 490 | _aBibliotheca Indo Buddica Series No. 193. | ||
| 650 | _aBUDDHISM | ||
| 942 |
_hQ420w3, N7 _cTEXL _2cc |
||
| 999 |
_c949479 _d949479 |
||